Double Entry Book Keeping-Vol-II (Record no. 11247)

MARC details
000 -LEADER
fixed length control field 00261nam a22000977a 4500
008 - FIXED-LENGTH DATA ELEMENTS--GENERAL INFORMATION
fixed length control field 181122b ||||| |||| 00| 0 eng d
020 ## - INTERNATIONAL STANDARD BOOK NUMBER
International Standard Book Number 9788183507820
100 ## - MAIN ENTRY--PERSONAL NAME
Field link and sequence number Grewal,T.S.
245 ## - TITLE STATEMENT
Title Double Entry Book Keeping-Vol-II
260 ## - PUBLICATION, DISTRIBUTION, ETC. (IMPRINT)
Place of publication, distribution, etc. New Delhi
Name of publisher, distributor, etc. Sultan Chand
Date of publication, distribution, etc. 2018
Holdings
Withdrawn status Lost status Source of classification or shelving scheme Damaged status Not for loan Home library Current library Shelving location Date acquired Total Checkouts Total Renewals Barcode Date last seen Date last checked out Price effective from Koha item type
    Dewey Decimal Classification     Good Samaritan School Library Good Samaritan School Library Accountancy 11/22/2018 2 1 GRE15191 12/19/2018 12/19/2018 11/22/2018 BOOK

Powered by Koha